Colombia Pace in Tatters /
Shranjeno v:
| Glavni avtor: | |
|---|---|
| Format: | Texto |
| Teme: | |
| Oznake: |
Označite
Brez oznak, prvi označite!
|
MARC
| LEADER | 00000 a a2200000 04500 | ||
|---|---|---|---|
| 001 | 9954 | ||
| 003 | |||
| 040 | |||
| 100 | |a Isacson, Adam | ||
| 245 | |a Colombia Pace in Tatters / |c Adam Isacson | ||
| 650 | |a AYUDA MILITAR | ||
| 650 | |a AYUDA FINANCIERA | ||
| 650 | |a POLITICA EXTERIOR | ||
| 650 | |a GUERRA CIVIL | ||
| 650 | |a TRAFICO DE DROGAS | ||
| 650 | |a COLOMBIA | ||
| 650 | |a ESTADOS UNIDOS | ||
| 773 | |g volumen 35, número 5; páginas 10-13 | ||
| 999 | |c 38573 |d 38573 | ||
